| 000 | 00541nam a22001457a 4500 | ||
|---|---|---|---|
| 005 | 20230418113124.0 | ||
| 008 | 230208b pe ||||| |||| 00| 0 spa d | ||
| 050 | 0 | 4 |
_aKHQ3015.A23 _bB35 2005 |
| 245 | 0 | 0 |
_aBalance a dos años de vigencia de la ley de transparencia y acceso a la información pública 2003- 2004 _b : informa defensorial no.96 |
| 250 | _a1a ed. | ||
| 260 |
_aLima : _bDefensoría del Pueblo, _c2005 |
||
| 300 |
_a351 p. : _bil. ; _c21 cm. |
||
| 650 | 7 |
_2lemb _aDerecho a la información _xReportes legislativos |
|
| 942 |
_2lcc _cLIB |
||
| 999 |
_c58540 _d58540 |
||